000 00158 a2200085 4500
041 _aeng
100 _aMother, goose
245 _aBest loved verses
942 _cBK
999 _c10159
_d10159